000 01114nam a2200313 i 4500
005 20200104041525.0
008 140303n mx |||||rab 00| 0 spa d
040 _aCO-BoIAVH
_cCO-BoIAVH
041 _aeng
044 _amx
082 0 4 _a333.9516
_bE19e
245 0 0 _aEcoregion-based conservation in the Chihuahuan desert :
_ba biological assessment and biodiversity vision /
260 _as.l
_bs.e
_cs.f
300 _a318 páginas ;
_c28 cm.
650 1 4 _aDiversidad biólogica
_xConservación
650 2 4 _aConservación biológica
650 2 4 _aConservación de la naturaleza
650 2 4 _aConservación de los recursos naturales
650 2 4 _aConservación del medio ambiente
650 2 4 _aÁreas de conservación de recursos naturales
650 2 4 _aEcología de desiertos
662 _aMéxico
700 1 _aInigo, Eduardo,
_eeditor
700 1 _aOlson, David M.,
_eeditor
700 1 _aDinerstein, Eric,
_eeditor
700 1 _aAbell, Robin,
_eeditor
700 1 _aLoucks, Colby
_eilustrador
942 _cLIBRO
_2ddc
999 _c1875
_d1875